| 000 | 00340nam a2200133Ia 4500 | ||
|---|---|---|---|
| 005 | 20251222143305.0 | ||
| 008 | 251222s9999||||xx |||||||||||||| ||spa|| | ||
| 082 | _a346.01/T78 | ||
| 100 | _aTrazegnies Granda, Fernando de | ||
| 245 | 0 | _aLa Familia en el Derecho Peruano | |
| 250 | _a2a.ed. | ||
| 264 | _bFondo Editorial PUCP | ||
| 942 | _cLIB | ||
| 999 |
_c15504 _d15504 |
||